Швейцарская труба становится российской; Энергосбережение; № 5

التفاصيل البيبلوغرافية
Parent link:Энергосбережение: специализированный журнал/ Ассоциация инженеров по отоплению, вентиляции, кондиционированию воздуха, теплоснабжению и строительной теплофизике (АВОК), ООО ИИП "АВОК-ПРЕСС".— , 2000-.— 1609-7505
№ 5.— 2003.— С. 50-52
المؤلف الرئيسي: Шмелёв А. Ю.
اللغة:الروسية
منشور في: 2003
سلاسل:Тепловодоснабжение
الموضوعات:
التنسيق: MixedMaterials فصل الكتاب
KOHA link:https://koha.lib.tpu.ru/cgi-bin/koha/opac-detail.pl?biblionumber=389005

MARC

LEADER 00000naa2a2200000 4500
001 389005
005 20231101063820.0
035 |a (RuTPU)RU\TPU\prd\20790 
090 |a 389005 
100 |a 20031222a2003 k y0rusy50 ca 
101 0 |a rus 
102 |a RU 
200 1 |a Швейцарская труба становится российской  |f А. Ю. Шмелёв 
225 1 |a Тепловодоснабжение 
461 1 |0 (RuTPU)RU\TPU\prd\913  |x 1609-7505  |t Энергосбережение  |o специализированный журнал  |f Ассоциация инженеров по отоплению, вентиляции, кондиционированию воздуха, теплоснабжению и строительной теплофизике (АВОК), ООО ИИП "АВОК-ПРЕСС"  |d 2000- 
463 1 |0 (RuTPU)RU\TPU\prd\19745  |t № 5  |v С. 50-52  |d 2003 
610 1 |a трубы ПРОФЛЕКС 
610 1 |a гибкие трубы 
610 1 |a теплоизолированные трубы 
610 1 |a горячее водоснабжение 
700 1 |a Шмелёв  |b А. Ю. 
801 1 |a RU  |b 63413507  |c 20031222  |g PSBO 
801 2 |a RU  |b 63413507  |c 20120417  |g RCR 
942 |c BK